00817nam a22002177a 450000500170000000800410001702000180005804000250007604100080010104400070010910000290011624500870014526001090023230000340034150400500037565000250042565000390045065000390048965000400052865000310056820150109090746.0150108b2009 ck |||||r|||| 00| 0 spa d a9789589906910 aCO-BoIAVHcCO-BoIAVH aspa ack1 aDíaz-Vergara, Ricardo 1 aGuía Ambiental Sector Maracuyá Departamento del Meta cRicardo, Díaz-Vergara aVillavicencio :bCorporación para el Desarrollo Sostenible La Macarena-CORMACARENA,bEcopetrol,c2009. a40 pagbTab, fot (col)c28 cm aIncluye referencias bibliográficas (pag 40) 4aMaracuyá xCultivo 4aMaracuyá xEnfermedades y plagas aMaracuyá xAspectos Ambientales  6aMaracuyá xAbonos y fertilizantes aMaracuyá xProducción